<?xml version="1.0" encoding="UTF-8"?>
<record
    xmlns:xsi="http://www.w3.org/2001/XMLSchema-instance"
    xsi:schemaLocation="http://www.loc.gov/MARC21/slim http://www.loc.gov/standards/marcxml/schema/MARC21slim.xsd"
    xmlns="http://www.loc.gov/MARC21/slim">

  <leader>01412nam a22001697a 4500</leader>
  <controlfield tag="003">SGT</controlfield>
  <datafield tag="020" ind1=" " ind2=" ">
    <subfield code="a">9789332555099</subfield>
  </datafield>
  <datafield tag="082" ind1=" " ind2=" ">
    <subfield code="a">658.8342 SCH</subfield>
  </datafield>
  <datafield tag="100" ind1=" " ind2=" ">
    <subfield code="a">SCHIFFMAN,LEON G</subfield>
  </datafield>
  <datafield tag="245" ind1=" " ind2=" ">
    <subfield code="a">CONSUMER BEHAVIOUR </subfield>
  </datafield>
  <datafield tag="250" ind1=" " ind2=" ">
    <subfield code="a">11TH</subfield>
  </datafield>
  <datafield tag="260" ind1=" " ind2=" ">
    <subfield code="a">NEW DELHI</subfield>
    <subfield code="b">PEARSON</subfield>
    <subfield code="c">2016</subfield>
  </datafield>
  <datafield tag="300" ind1=" " ind2=" ">
    <subfield code="a">508</subfield>
  </datafield>
  <datafield tag="650" ind1=" " ind2=" ">
    <subfield code="a">CONSUMER BEHAVIOUR </subfield>
  </datafield>
  <datafield tag="653" ind1=" " ind2=" ">
    <subfield code="a">PART I: CONSUMERS, MARKETERS, AND TECHNOLOGY Chapter 1: Technology-Driven Consumer Behavior Chapter 2:  Segmentation, Targeting, and Positioning   PART II: THE CONSUMER AS AN INDIVIDUAL Chapter 3: Consumer Motivation and Personality Chapter 4: Consumer Perception Chapter 5: Consumer Learning Chapter 6: Consumer Attitude Formation and Change   PART III: COMMUNICATION AND CONSUMER BEHAVIOR Chapter 7: Persuading Consumers Chapter 8: From Print and Broadcast Advertising to Social and Mobile Media Chapter 9: Reference Groups and Word-of-Mouth   PART IV: CONSUMERS IN THEIR SOCIAL AND CULTURAL SETTINGS Chapter 10: The Family and Its Social Standing Chapter 11: Culture's Influence on Consumer Behavior Chapter 12: Subcultures and Consumer Behavior Chapter 13: Cross-Cultural Consumer Behavior: An International Perspective   PART V: CONSUMER DECISION-MAKING, MARKETING ETHICS, AND CONSUMER RESEARCH Chapter 14: Consumer Decision-Making and Diffusion of Innovations Chapter 15: Marketing Ethics and Social Responsibility Chapter 16: Consumer Research</subfield>
  </datafield>
  <datafield tag="942" ind1=" " ind2=" ">
    <subfield code="2">ddc</subfield>
    <subfield code="c">FCM</subfield>
    <subfield code="0">3</subfield>
  </datafield>
  <datafield tag="952" ind1=" " ind2=" ">
    <subfield code="0">0</subfield>
    <subfield code="1">0</subfield>
    <subfield code="2">ddc</subfield>
    <subfield code="4">0</subfield>
    <subfield code="7">0</subfield>
    <subfield code="8">CM</subfield>
    <subfield code="a">SSSL</subfield>
    <subfield code="b">SSSL</subfield>
    <subfield code="c">DISPLAY</subfield>
    <subfield code="d">2017-01-27</subfield>
    <subfield code="e">INDIAN PUBLISHERS &amp; DISTRIBUTERS</subfield>
    <subfield code="g">699.00</subfield>
    <subfield code="i">SGTU</subfield>
    <subfield code="l">4</subfield>
    <subfield code="o">658.8342 SCH</subfield>
    <subfield code="p">CM3178</subfield>
    <subfield code="r">2017-12-15 00:00:00</subfield>
    <subfield code="s">2017-11-30</subfield>
    <subfield code="w">2016-12-20</subfield>
    <subfield code="y">FCM</subfield>
    <subfield code="k">117</subfield>
  </datafield>
  <datafield tag="952" ind1=" " ind2=" ">
    <subfield code="0">0</subfield>
    <subfield code="1">0</subfield>
    <subfield code="2">ddc</subfield>
    <subfield code="4">0</subfield>
    <subfield code="7">0</subfield>
    <subfield code="8">CM</subfield>
    <subfield code="a">SSSL</subfield>
    <subfield code="b">SSSL</subfield>
    <subfield code="c">DISPLAY</subfield>
    <subfield code="d">2017-01-27</subfield>
    <subfield code="e">INDIAN PUBLISHERS &amp; DISTRIBUTERS</subfield>
    <subfield code="g">699.00</subfield>
    <subfield code="i">SGTU</subfield>
    <subfield code="l">11</subfield>
    <subfield code="o">658.8342 SCH</subfield>
    <subfield code="p">CM3179</subfield>
    <subfield code="r">2024-10-29 00:00:00</subfield>
    <subfield code="s">2024-08-31</subfield>
    <subfield code="w">2016-12-20</subfield>
    <subfield code="y">FCM</subfield>
    <subfield code="k">117</subfield>
  </datafield>
  <datafield tag="952" ind1=" " ind2=" ">
    <subfield code="0">0</subfield>
    <subfield code="1">0</subfield>
    <subfield code="2">ddc</subfield>
    <subfield code="4">0</subfield>
    <subfield code="7">0</subfield>
    <subfield code="8">CM</subfield>
    <subfield code="a">SSSL</subfield>
    <subfield code="b">SSSL</subfield>
    <subfield code="c">DISPLAY</subfield>
    <subfield code="d">2017-01-27</subfield>
    <subfield code="e">INDIAN PUBLISHERS &amp; DISTRIBUTERS</subfield>
    <subfield code="g">699.00</subfield>
    <subfield code="i">SGTU</subfield>
    <subfield code="l">4</subfield>
    <subfield code="m">1</subfield>
    <subfield code="o">658.8342 SCH</subfield>
    <subfield code="p">CM3180</subfield>
    <subfield code="r">2022-12-22 00:00:00</subfield>
    <subfield code="s">2022-12-12</subfield>
    <subfield code="w">2016-12-20</subfield>
    <subfield code="y">FCM</subfield>
    <subfield code="k">117</subfield>
  </datafield>
  <datafield tag="952" ind1=" " ind2=" ">
    <subfield code="0">0</subfield>
    <subfield code="1">0</subfield>
    <subfield code="2">ddc</subfield>
    <subfield code="4">0</subfield>
    <subfield code="7">1</subfield>
    <subfield code="8">CM</subfield>
    <subfield code="a">SSSL</subfield>
    <subfield code="b">SSSL</subfield>
    <subfield code="c">REF</subfield>
    <subfield code="d">2017-01-31</subfield>
    <subfield code="e">INDIAN PUBLISHERS &amp; DISTRIBUTORS</subfield>
    <subfield code="g">599.00</subfield>
    <subfield code="i">SGTU</subfield>
    <subfield code="l">2</subfield>
    <subfield code="o">658.8342 SCH</subfield>
    <subfield code="p">CM3455</subfield>
    <subfield code="r">2018-02-13 00:00:00</subfield>
    <subfield code="s">2018-01-30</subfield>
    <subfield code="w">2016-12-14</subfield>
    <subfield code="y">FCM</subfield>
    <subfield code="k">120</subfield>
  </datafield>
  <datafield tag="952" ind1=" " ind2=" ">
    <subfield code="0">0</subfield>
    <subfield code="1">0</subfield>
    <subfield code="2">ddc</subfield>
    <subfield code="4">0</subfield>
    <subfield code="7">0</subfield>
    <subfield code="8">CM</subfield>
    <subfield code="a">SSSL</subfield>
    <subfield code="b">SSSL</subfield>
    <subfield code="c">DISPLAY</subfield>
    <subfield code="d">2017-01-31</subfield>
    <subfield code="e">INDIAN PUBLISHERS &amp; DISTRIBUTORS</subfield>
    <subfield code="g">599.00</subfield>
    <subfield code="i">SGTU</subfield>
    <subfield code="l">1</subfield>
    <subfield code="o">658.8342 SCH</subfield>
    <subfield code="p">CM3456</subfield>
    <subfield code="r">2019-03-15 00:00:00</subfield>
    <subfield code="s">2019-02-26</subfield>
    <subfield code="w">2016-12-14</subfield>
    <subfield code="y">FCM</subfield>
    <subfield code="k">120</subfield>
  </datafield>
  <datafield tag="999" ind1=" " ind2=" ">
    <subfield code="c">10632</subfield>
    <subfield code="d">10632</subfield>
  </datafield>
</record>
